[Event "Managua Olympiad Qual1"]
[Site "Managua"]
[Date "2022.05.21"]
[Round "6"]
[White "Batres, Francisco"]
[Black "Espinoza, Felix"]
[Result "0-1"]
[WhiteElo "2041"]
[BlackElo "2101"]
[PlyCount "83"]
[EventDate "2022.05.16"]
[EventType "tourn"]
[EventRounds "9"]
[EventCountry "NCA"]
[SourceTitle "EXT 2023"]
[Source "ChessBase"]
[SourceDate "2022.10.05"]
[SourceVersion "1"]
[SourceVersionDate "2022.10.05"]
[SourceQuality "1"]

1. e4 c5 2. Nf3 d6 3. d4 cxd4 4. Nxd4 Nf6 5. Nc3 a6 6. Bc4 e6 7. Bb3 Nbd7 8. 0-0 Nc5 9. Re1 Be7 10. f4 Qc7 11. Qf3 0-0 12. e5 Nfd7 13. Qg3 Kh8 14. Nf3 b5 15. exd6 Bxd6 16. Qh4 Bb7 17. Ng5 Nf6 18. Be3 Nxb3 19. cxb3 Bc5 20. Bxc5 Qxc5+ 21. Qf2 Qf5 22. Re5 Qg6 23. h3 b4 24. Na4 h6 25. Nc5 Bd5 26. Nf3 Rfc8 27. Nh4 Qh7 28. Rae1 Rc6 29. Qd4 Rac8 30. Nd3 a5 31. R5e2 Rc2 32. Ne5 Kg8 33. Nef3 Rxe2 34. Rxe2 Qb1+ 35. Re1 Qxa2 36. f5 Qxb3 37. fxe6 Bxe6 38. Ne5 Qd5 39. Qf4 Rc2 40. Nhf3 Rxb2 41. Qc1 Qa2 42. Nh4 0-1

[Event "Managua Olympiad Qual1"]
[Site "Managua"]
[Date "2022.05.18"]
[Round "3"]
[White "Espinoza, Jose"]
[Black "Batres, Francisco"]
[Result "1-0"]
[WhiteElo "2096"]
[BlackElo "2041"]
[PlyCount "91"]
[EventDate "2022.05.16"]
[EventType "tourn"]
[EventRounds "9"]
[EventCountry "NCA"]
[SourceTitle "EXT 2023"]
[Source "ChessBase"]
[SourceDate "2022.10.05"]
[SourceVersion "1"]
[SourceVersionDate "2022.10.05"]
[SourceQuality "1"]

1. e4 Nf6 2. e5 Nd5 3. d4 d6 4. f4 dxe5 5. fxe5 Bf5 6. c4 Nb6 7. Nc3 e6 8. Be3 Nc6 9. Be2 Be7 10. Nf3 0-0 11. d5 Nb4 12. Nd4 Bh4+ 13. g3 Bg5 14. Nxf5 exf5 15. Bd4 Re8 16. 0-0 g6 17. Bf3 Na6 18. Qe2 Bf6 19. c5 Nd7 20. c6 Nxe5 21. Bxe5 Bxe5 22. Qc4 Bxc3 23. cxb7 Rb8 24. bxc3 Qd6 25. Qc6 Nc5 26. Rab1 Re3 27. Bg2 Kg7 28. Rfc1 Re2 29. Rb5 Nd3 30. Rd1 Ne5 31. Qxd6 cxd6 32. Rd4 Rxa2 33. c4 Nd7 34. Rd1 Ra6 35. c5 dxc5 36. d6 Kf6 37. Rb2 Rb6 38. Re2 c4 39. Rd4 Nc5 40. d7 c3 41. d8Q+ Rxd8 42. Rxd8 Nxb7 43. Bxb7 Rxb7 44. Rc8 h5 45. Rxc3 Kg5 46. Rec2 1-0

[Event "NCA-chT 1st Stage"]
[Site "Managua"]
[Date "2021.10.10"]
[Round "9.1"]
[White "Davila, Carlos"]
[Black "Batres, Francisco"]
[Result "1/2-1/2"]
[WhiteElo "2190"]
[BlackElo "2058"]
[PlyCount "36"]
[EventDate "2021.09.25"]
[EventType "team-swiss"]
[EventRounds "9"]
[EventCountry "NCA"]
[SourceTitle "EXT 2023"]
[Source "ChessBase"]
[SourceDate "2022.10.05"]
[SourceVersion "1"]
[SourceVersionDate "2022.10.05"]
[SourceQuality "1"]
[WhiteTeam "Clemente Guido"]
[BlackTeam "Nicaragua CC"]
[WhiteTeamCountry "NCA"]
[BlackTeamCountry "NCA"]

1. c4 c5 2. Nc3 Nf6 3. Nf3 Nc6 4. e3 g6 5. d4 cxd4 6. exd4 d5 7. cxd5 Nxd5 8. Qb3 Nxc3 9. Bc4 Nd5 10. Bxd5 e6 11. Bxc6+ bxc6 12. 0-0 Qb6 13. Bf4 Be7 14. Qc3 Bb4 15. Qe3 Be7 16. Bh6 f6 17. Rac1 Bd7 18. Rc2 Qa5 1/2-1/2

[Event "NCA-chT 1st Stage"]
[Site "Managua"]
[Date "2021.10.09"]
[Round "7.1"]
[White "Batres, Francisco"]
[Black "Aburto, Santiago"]
[Result "1/2-1/2"]
[WhiteElo "2058"]
[BlackElo "1825"]
[PlyCount "67"]
[EventDate "2021.09.25"]
[EventType "team-swiss"]
[EventRounds "9"]
[EventCountry "NCA"]
[SourceTitle "EXT 2023"]
[Source "ChessBase"]
[SourceDate "2022.10.05"]
[SourceVersion "1"]
[SourceVersionDate "2022.10.05"]
[SourceQuality "1"]
[WhiteTeam "Nicaragua CC"]
[BlackTeam "Jose Raul Capablanca"]
[WhiteTeamCountry "NCA"]
[BlackTeamCountry "NCA"]

1. Nf3 Nf6 2. c4 c5 3. Nc3 Nc6 4. g3 g6 5. Bg2 Bg7 6. 0-0 0-0 7. d4 cxd4 8. Nxd4 Nxd4 9. Qxd4 d6 10. Bg5 Qa5 11. Qd2 Re8 12. Rfd1 Rb8 13. Bxf6 exf6 14. Qxd6 Bg4 15. Rd5 Qa6 16. Qxa6 bxa6 17. Rd2 f5 18. Rc1 Bh6 19. e3 Rxe3 20. f4 Bg7 21. h3 Bh5 22. Kf2 Ree8 23. b3 Bf8 24. Nd5 Bc5+ 25. Kf1 Kg7 26. Rc3 a5 27. Bf3 Bxf3 28. Rxf3 Re4 29. Nc3 Bb4 30. Rd7 Re6 31. Rd2 Rbe8 32. Re2 Rxe2 33. Nxe2 a4 34. Nc3 1/2-1/2

[Event "NCA-chT 1st Stage"]
[Site "Managua"]
[Date "2021.10.03"]
[Round "5.1"]
[White "Medrano Miranda, Luis Benjamin"]
[Black "Batres, Francisco"]
[Result "0-1"]
[WhiteElo "1432"]
[BlackElo "2058"]
[PlyCount "70"]
[EventDate "2021.09.25"]
[EventType "team-swiss"]
[EventRounds "9"]
[EventCountry "NCA"]
[SourceTitle "EXT 2023"]
[Source "ChessBase"]
[SourceDate "2022.10.05"]
[SourceVersion "1"]
[SourceVersionDate "2022.10.05"]
[SourceQuality "1"]
[WhiteTeam "UNI B"]
[BlackTeam "Nicaragua CC"]
[WhiteTeamCountry "NCA"]
[BlackTeamCountry "NCA"]

1. e4 c5 2. Nf3 e6 3. d4 cxd4 4. Nxd4 Nf6 5. Nc3 Bb4 6. Bd3 Nc6 7. Nxc6 dxc6 8. Bd2 e5 9. h3 0-0 10. 0-0 Be6 11. a3 Be7 12. Be3 Qc7 13. Ne2 Rfd8 14. Ng3 c5 15. Qb1 c4 16. Be2 h6 17. c3 Bc5 18. Bxc5 Qxc5 19. Qc2 Bd7 20. Rfd1 Bc6 21. Rxd8+ Rxd8 22. Rd1 Rxd1+ 23. Bxd1 g6 24. Qe2 h5 25. Bc2 b5 26. Kf1 h4 27. Nh1 Kg7 28. f3 Nh5 29. Qf2 Qe7 30. g4 hxg3 31. Nxg3 Nf4 32. Ne2 Nxh3 33. Qg3 Bd7 34. f4 Nxf4 35. Nxf4 Qf6 0-1

[Event "NCA-chT 1st Stage"]
[Site "Managua"]
[Date "2021.09.26"]
[Round "2.1"]
[White "Batres, Francisco"]
[Black "Fonseca Trana, Norlan Antonio"]
[Result "1-0"]
[WhiteElo "2058"]
[BlackElo "1396"]
[PlyCount "65"]
[EventDate "2021.09.25"]
[EventType "team-swiss"]
[EventRounds "9"]
[EventCountry "NCA"]
[SourceTitle "EXT 2023"]
[Source "ChessBase"]
[SourceDate "2022.10.05"]
[SourceVersion "1"]
[SourceVersionDate "2022.10.05"]
[SourceQuality "1"]
[WhiteTeam "Nicaragua CC"]
[BlackTeam "Centro America"]
[WhiteTeamCountry "NCA"]
[BlackTeamCountry "NCA"]

1. e4 e6 2. d4 d5 3. Nc3 c5 4. Nf3 Nc6 5. Bb5 Be7 6. 0-0 Nf6 7. exd5 exd5 8. Ne5 0-0 9. Bxc6 bxc6 10. Nxc6 Qd6 11. Nxe7+ Qxe7 12. Bg5 Be6 13. Re1 Qd8 14. dxc5 h6 15. Bh4 g5 16. Bg3 h5 17. Bd6 Re8 18. Qd2 Nd7 19. Nxd5 Bxd5 20. Rxe8+ Qxe8 21. Qxg5+ Kh7 22. Qxh5+ Kg8 23. Qxd5 Rc8 24. Qg5+ Kh7 25. Qf5+ Kg8 26. h4 Qe6 27. Qg5+ Kh7 28. b4 Rg8 29. Qh5+ Kg7 30. Rd1 f6 31. Rd3 Qe1+ 32. Kh2 Qxf2 33. Rg3+ 1-0

[Event "NCA-chT Final"]
[Site "Managua"]
[Date "2020.10.25"]
[Round "4.2"]
[White "Batres, Francisco"]
[Black "Izaba, Rodolfo"]
[Result "1/2-1/2"]
[WhiteElo "2145"]
[BlackElo "1996"]
[PlyCount "57"]
[EventDate "2020.10.24"]
[EventType "team-tourn"]
[EventRounds "11"]
[EventCountry "NCA"]
[SourceTitle "EXT 2022"]
[Source "ChessBase"]
[SourceDate "2021.10.06"]
[SourceVersion "1"]
[SourceVersionDate "2021.10.06"]
[SourceQuality "1"]

1. c4 Nf6 2. Nf3 b6 3. g3 Bb7 4. Bg2 c5 5. 0-0 g6 6. Nc3 Bg7 7. d4 cxd4 8. Qxd4 0-0 9. Qh4 d6 10. Bh6 Nbd7 11. Rac1 Rc8 12. Rfd1 Bxh6 13. Qxh6 Bxf3 14. Bxf3 Rxc4 15. b3 Rc5 16. b4 Rc4 17. Nd5 Rxc1 18. Nxf6+ Nxf6 19. Rxc1 d5 20. Qf4 Qb8 21. Qxb8 Rxb8 22. Rc7 a5 23. bxa5 bxa5 24. Rxe7 Rb1+ 25. Kg2 Ra1 26. Re5 Rxa2 27. Bxd5 Nxd5 28. Rxd5 Rxe2 29. Rxa5 1/2-1/2

[Event "NCA-chT Final"]
[Site "Managua"]
[Date "2020.10.25"]
[Round "2.2"]
[White "Batres, Francisco"]
[Black "Pilarte, Rene"]
[Result "0-1"]
[WhiteElo "2145"]
[BlackElo "2066"]
[PlyCount "63"]
[EventDate "2020.10.24"]
[EventType "team-tourn"]
[EventRounds "11"]
[EventCountry "NCA"]
[SourceTitle "EXT 2022"]
[Source "ChessBase"]
[SourceDate "2021.10.06"]
[SourceVersion "1"]
[SourceVersionDate "2021.10.06"]
[SourceQuality "1"]

1. e4 e5 2. Nf3 Nc6 3. Bb5 a6 4. Ba4 Nf6 5. 0-0 Be7 6. Re1 b5 7. Bb3 0-0 8. d4 d6 9. c3 Bg4 10. Be3 Re8 11. Nbd2 Bf8 12. h3 Bh5 13. Bc2 exd4 14. Bxd4 Nxd4 15. cxd4 c5 16. e5 dxe5 17. dxe5 Nd5 18. Be4 Rc8 19. Nf1 Nb4 20. a3 Nc6 21. g4 Bg6 22. Bxg6 hxg6 23. Qb3 c4 24. Qc2 Qd5 25. Qe4 Qxe4 26. Rxe4 Rcd8 27. a4 Rd3 28. axb5 axb5 29. Ra6 Nb4 30. Rb6 Rxf3 31. e6 fxe6 32. Re2 0-1

[Event "NCA-chT final"]
[Site "Managua"]
[Date "2019.11.17"]
[Round "10.3"]
[White "Berrios, Natanael"]
[Black "Batres, Francisco"]
[Result "1/2-1/2"]
[WhiteElo "1817"]
[BlackElo "2200"]
[PlyCount "94"]
[EventDate "2019.10.26"]
[EventType "team-tourn"]
[EventRounds "11"]
[EventCountry "NCA"]
[SourceTitle "EXT 2021"]
[Source "ChessBase"]
[SourceDate "2020.10.23"]
[SourceVersion "1"]
[SourceVersionDate "2020.10.23"]
[SourceQuality "1"]
[WhiteTeam "Jose Raul Capablanca"]
[BlackTeam "Olimpus Team"]
[WhiteTeamCountry "NCA"]
[BlackTeamCountry "NCA"]

1. d4 Nf6 2. c4 c5 3. dxc5 Nc6 4. Nf3 e6 5. Nc3 Bxc5 6. e3 0-0 7. Be2 d5 8. 0-0 b6 9. cxd5 exd5 10. b3 Bb7 11. Bb2 Rc8 12. Nb5 Ne4 13. Rc1 Re8 14. a3 a6 15. Nbd4 Nxd4 16. Nxd4 Bf8 17. Bd3 Rxc1 18. Qxc1 Qd7 19. Qd1 g6 20. Qc2 Nc5 21. b4 Nxd3 22. Qxd3 Bg7 23. Rc1 Rc8 24. Rxc8+ Qxc8 25. Qc3 Qc4 26. Qd2 h5 27. Ne2 Qa2 28. Bc1 Qa1 29. f3 Bc6 30. Kf2 Qe5 31. g3 h4 32. Qd4 hxg3+ 33. hxg3 Qc7 34. Qd2 Qe5 35. Qd4 Qf5 36. g4 Qg5 37. Qf4 Qh4+ 38. Qg3 Qd8 39. Qf4 Bb5 40. Nd4 Qc8 41. Nxb5 Qc2+ 42. Kg3 Qxc1 43. Nd6 Qg1+ 44. Kh3 Qh1+ 45. Kg3 Qg1+ 46. Kh3 Qh1+ 47. Kg3 Qg1+ 1/2-1/2

[Event "NCA-chT final"]
[Site "Managua"]
[Date "2019.10.27"]
[Round "3.3"]
[White "Sandoval Gutierrez, William"]
[Black "Batres, Francisco"]
[Result "1-0"]
[WhiteElo "1634"]
[BlackElo "2200"]
[PlyCount "58"]
[EventDate "2019.10.26"]
[EventType "team-tourn"]
[EventRounds "11"]
[EventCountry "NCA"]
[SourceTitle "EXT 2021"]
[Source "ChessBase"]
[SourceDate "2020.10.23"]
[SourceVersion "1"]
[SourceVersionDate "2020.10.23"]
[SourceQuality "1"]
[WhiteTeam "Diamante de Las Segovias"]
[BlackTeam "Olimpus Team"]
[WhiteTeamCountry "NCA"]
[BlackTeamCountry "NCA"]

1. d4 Nf6 2. Nf3 c5 3. dxc5 Nc6 4. Nc3 e6 5. e4 Bxc5 6. Bd3 d5 7. 0-0 dxe4 8. Nxe4 Be7 9. c3 Qc7 10. Qe2 e5 11. h3 Be6 12. Be3 Nd5 13. Neg5 0-0-0 14. Nxe6 fxe6 15. Ng5 Nxe3 16. Qxe3 Rxd3 17. Qxd3 Bxg5 18. a4 Qd7 19. Qf3 Qe7 20. b4 Rf8 21. Qe4 Rf4 22. Qe2 Qc7 23. a5 b6 24. g3 Rf5 25. Rad1 Rf8 26. b5 Nxa5 27. Qg4 Rf5 28. Rd3 Qc4 29. Rfd1 Qxb5 1-0

[Event "Managua Hurtado Memorial 18th"]
[Site "Managua"]
[Date "2018.12.29"]
[Round "7"]
[White "Batres, Francisco"]
[Black "Burgos Figueroa, Carlos Ernesto"]
[Result "1-0"]
[WhiteElo "2182"]
[BlackElo "2245"]
[PlyCount "167"]
[EventDate "2018.12.26"]
[EventType "swiss"]
[EventRounds "9"]
[EventCountry "NCA"]
[SourceTitle "EXT 2020"]
[Source "ChessBase"]
[SourceDate "2019.10.17"]
[SourceVersion "1"]
[SourceVersionDate "2019.10.17"]
[SourceQuality "1"]

1. e4 c5 2. Nf3 Nc6 3. Bb5 g6 4. 0-0 Bg7 5. Re1 e5 6. c3 Nge7 7. d4 exd4 8. e5 0-0 9. cxd4 cxd4 10. Bg5 Qa5 11. Na3 a6 12. Bf1 b5 13. Nc2 Re8 14. Ncxd4 Nxd4 15. Qxd4 Nc6 16. Qf4 Qb4 17. Re4 Qxb2 18. Rae1 d5 19. exd6 Bd7 20. R1e2 Rxe4 21. Qxe4 Qa1 22. Qd5 Rf8 23. Re7 Nb8 24. Re1 Qc3 25. Rc1 Qb2 26. Rc7 Be6 27. Qb7 Qxa2 28. d7 Nxd7 29. Rxd7 Bxd7 30. Qxd7 Qe6 31. Qb7 Qc8 32. Qb6 Re8 33. Be3 Re6 34. Qa5 Re4 35. g3 Ra4 36. Qb6 Qa8 37. h4 Ra1 38. Nd2 h6 39. Kh2 Qd5 40. Bg2 Qe6 41. Qd8+ Kh7 42. Bd5 Qf5 43. Be4 Qf6 44. Qd3 b4 45. h5 Ra3 46. hxg6+ fxg6 47. Qd7 Rxe3 48. fxe3 Qf2+ 49. Kh3 Qxe3 50. Qd6 Qg5 51. Nf3 Qf6 52. Qxb4 h5 53. Kg2 Qb2+ 54. Qxb2 Bxb2 55. Nh4 Kh6 56. Nxg6 Kg5 57. Nf4 Be5 58. Kf3 a5 59. Bc6 Bd6 60. Be8 h4 61. Nh3+ Kh6 62. gxh4 Be7 63. Kg4 Bf6 64. h5 Bc3 65. Ng5 Bd2 66. Ne4 Bb4 67. Ng3 Bd2 68. Nf5+ Kh7 69. Ba4 Bc3 70. Bc2 Bb2 71. Nd6+ Kh6 72. Nf5+ Kh7 73. Nd6+ Kh6 74. Bg6 Kg7 75. Be8 Ba3 76. Nf5+ Kh7 77. h6 Bb2 78. Kh5 Bf6 79. Nd6 Be5 80. Nc4 Bc3 81. Ba4 Bb4 82. Bc2+ Kh8 83. Kg6 Bc3 84. h7 1-0

[Event "Managua Hurtado Memorial 18th"]
[Site "Managua"]
[Date "2018.12.29"]
[Round "6"]
[White "Batres, Francisco"]
[Black "Vallecillo, Saul"]
[Result "1-0"]
[WhiteElo "2182"]
[BlackElo "1853"]
[PlyCount "83"]
[EventDate "2018.12.26"]
[EventType "swiss"]
[EventRounds "9"]
[EventCountry "NCA"]
[SourceTitle "EXT 2020"]
[Source "ChessBase"]
[SourceDate "2019.10.17"]
[SourceVersion "1"]
[SourceVersionDate "2019.10.17"]
[SourceQuality "1"]

1. e4 c5 2. Nf3 e6 3. d4 cxd4 4. Nxd4 a6 5. g3 Qc7 6. Bg2 Nc6 7. Nc3 Bb4 8. Nde2 Nf6 9. 0-0 0-0 10. Bf4 e5 11. Bg5 Be7 12. Bxf6 Bxf6 13. Nd5 Qd8 14. Nxf6+ Qxf6 15. Nc3 d6 16. Nd5 Qd8 17. c3 Be6 18. Ne3 Ne7 19. Qd2 Qb6 20. b3 Rfd8 21. Rad1 Rac8 22. c4 Nc6 23. Kh1 Nd4 24. f4 f6 25. Qf2 Qc5 26. Rfe1 b5 27. f5 Bf7 28. cxb5 axb5 29. g4 Ra8 30. Rd2 Rd7 31. g5 fxg5 32. h4 gxh4 33. Qxh4 Qc3 34. Nf1 b4 35. Re3 Qc8 36. Rh3 h6 37. Rg3 Kh7 38. Bh3 Qe8 39. f6 Be6 40. Rh2 g5 41. Rxg5 Nf3 42. Bf5+ 1-0

[Event "Managua Hurtado Memorial 18th"]
[Site "Managua"]
[Date "2018.12.27"]
[Round "2"]
[White "Flores, Manuel"]
[Black "Batres, Francisco"]
[Result "0-1"]
[WhiteElo "1889"]
[BlackElo "2182"]
[PlyCount "70"]
[EventDate "2018.12.26"]
[EventType "swiss"]
[EventRounds "9"]
[EventCountry "NCA"]
[SourceTitle "EXT 2020"]
[Source "ChessBase"]
[SourceDate "2019.10.17"]
[SourceVersion "1"]
[SourceVersionDate "2019.10.17"]
[SourceQuality "1"]

1. d4 Nf6 2. c4 c5 3. d5 g6 4. Nc3 Bg7 5. g3 d6 6. Bg2 0-0 7. e4 e5 8. Nge2 a6 9. 0-0 Bg4 10. f3 Bd7 11. a4 Ne8 12. f4 exf4 13. Nxf4 Nf6 14. Nd3 Ng4 15. Bf4 Bd4+ 16. Kh1 Ne3 17. Bxe3 Bxe3 18. e5 dxe5 19. Nxe5 Bd4 20. Nf3 Bg4 21. h3 Bxf3 22. Qxf3 Nd7 23. Ne4 f5 24. Nf2 Ne5 25. Qb3 Qd6 26. Nd3 Nxd3 27. Qxd3 Rae8 28. Rae1 Bxb2 29. Rxe8 Rxe8 30. Qb3 Bd4 31. Qxb7 Qxg3 32. Qd7 Re2 33. Qc8+ Kg7 34. Qb7+ Kh6 35. d6 Be5 0-1

[Event "NCA-chT final"]
[Site "Managua"]
[Date "2018.11.10"]
[Round "7.3"]
[White "Batres, Francisco"]
[Black "Rios, Edgard"]
[Result "1-0"]
[WhiteElo "2153"]
[BlackElo "1897"]
[PlyCount "125"]
[EventDate "2018.10.27"]
[EventType "team-tourn"]
[EventRounds "11"]
[EventCountry "NCA"]
[SourceTitle "EXT 2020"]
[Source "ChessBase"]
[SourceDate "2019.10.17"]
[SourceVersion "1"]
[SourceVersionDate "2019.10.17"]
[SourceQuality "1"]

1. e4 c5 2. Nc3 e6 3. f4 d5 4. e5 Nc6 5. Nf3 a6 6. g3 Be7 7. Bg2 Nh6 8. 0-0 0-0 9. d3 b5 10. Ne2 Bb7 11. d4 cxd4 12. Nexd4 Bc5 13. Kh1 Qb6 14. Nb3 Ng4 15. Nxc5 Qxc5 16. Qe2 Rab8 17. Ng5 Nh6 18. Qd3 Nf5 19. g4 Nb4 20. Qh3 Nh6 21. c3 Nc6 22. Qd3 g6 23. Qh3 Kg7 24. f5 Nxf5 25. gxf5 gxf5 26. Qh6+ Kxh6 27. Nxe6+ Kg6 28. Nxc5 Bc8 29. Bf4 Ne7 30. Bf3 h6 31. Rg1+ Kh7 32. e6 Rb6 33. Nd7 Bxd7 34. exd7 Rb7 35. Bd6 Rxd7 36. Bxe7 Rxe7 37. Bxd5 Rd8 38. Rad1 Rd6 39. Be4 Rf6 40. Bd3 Kh8 41. Bc2 Re8 42. Rdf1 f4 43. Rf2 f3 44. Rgf1 Re2 45. Bd1 Rxf2 46. Rxf2 Rd6 47. Bxf3 Kg7 48. Bh5 f6 49. Kg2 Rd5 50. Bf3 Rg5+ 51. Kf1 Kf7 52. Ke2 Ke6 53. a4 Rc5 54. Kd3 f5 55. Rg2 Kf7 56. h4 Re5 57. Kd4 Re1 58. h5 a5 59. Rg6 b4 60. Rxh6 Rb1 61. b3 Rb2 62. cxb4 axb4 63. Rb6 1-0

[Event "NCA-chT final"]
[Site "Managua"]
[Date "2018.10.28"]
[Round "3.3"]
[White "Batres, Francisco"]
[Black "Altamirano Beteta, Alexander Jose"]
[Result "1-0"]
[WhiteElo "2153"]
[BlackElo "1455"]
[PlyCount "51"]
[EventDate "2018.10.27"]
[EventType "team-tourn"]
[EventRounds "11"]
[EventCountry "NCA"]
[SourceTitle "EXT 2020"]
[Source "ChessBase"]
[SourceDate "2019.10.17"]
[SourceVersion "1"]
[SourceVersionDate "2019.10.17"]
[SourceQuality "1"]

1. Nf3 e6 2. c4 d5 3. d4 Nf6 4. Nc3 c6 5. Bg5 Be7 6. e3 h6 7. Bxf6 Bxf6 8. Qc2 a6 9. a4 0-0 10. e4 g6 11. e5 Bg7 12. h4 Bd7 13. c5 Be8 14. Bd3 Nd7 15. Ne2 b6 16. b4 Qe7 17. a5 b5 18. Rh3 f5 19. Rg3 Bf7 20. Nf4 Kh7 21. 0-0-0 Rg8 22. Rh1 Bh8 23. h5 Raf8 24. Ng5+ hxg5 25. hxg6+ Kg7 26. Rh7# 1-0

[Event "NCA-ch"]
[Site "Managua"]
[Date "2011.03.28"]
[Round "11"]
[White "Picado, Jorge Luis"]
[Black "Batres, Francisco"]
[Result "1/2-1/2"]
[WhiteElo "2228"]
[BlackElo "2194"]
[PlyCount "66"]
[EventDate "2011.03.05"]
[EventType "tourn"]
[EventRounds "11"]
[EventCountry "NCA"]
[SourceTitle "CBM 141 Extra"]
[Source "ChessBase"]
[SourceDate "2011.05.03"]
[SourceVersion "1"]
[SourceVersionDate "2011.05.03"]
[SourceQuality "1"]

1. e4 g6 2. d4 Bg7 3. c3 d6 4. Be3 Nd7 5. Bd3 e5 6. d5 Ne7 7. g4 c6 8. c4 cxd5 9. cxd5 0-0 10. f3 f5 11. Nc3 Nf6 12. h3 Bd7 13. Qd2 a6 14. 0-0-0 Rc8 15. Kb1 Rf7 16. Nge2 f4 17. Bf2 h6 18. b4 b5 19. Rc1 Nh7 20. h4 Kh8 21. Rc2 Rb8 22. Nc1 a5 23. Nb3 axb4 24. Ne2 Nc8 25. Qxb4 Ra8 26. Nc3 Be8 27. Bxb5 Rb7 28. a4 Nf6 29. Rhc1 Bf8 30. Rb2 Be7 31. Qc4 Nb6 32. Bxb6 Rxb6 33. Bxe8 Nxe8 1/2-1/2

[Event "NCA-ch"]
[Site "Managua"]
[Date "2011.03.26"]
[Round "10"]
[White "Batres, Francisco"]
[Black "Ortiz, Marcos"]
[Result "1-0"]
[WhiteElo "2194"]
[BlackElo "2111"]
[PlyCount "77"]
[EventDate "2011.03.05"]
[EventType "tourn"]
[EventRounds "11"]
[EventCountry "NCA"]
[SourceTitle "CBM 141 Extra"]
[Source "ChessBase"]
[SourceDate "2011.05.03"]
[SourceVersion "1"]
[SourceVersionDate "2011.05.03"]
[SourceQuality "1"]

1. c4 Nf6 2. Nc3 g6 3. e4 d6 4. h3 Bg7 5. d4 0-0 6. Be3 c5 7. Nf3 cxd4 8. Nxd4 Nc6 9. Be2 Bd7 10. 0-0 Nxd4 11. Bxd4 Bc6 12. Bf3 Nd7 13. Bxg7 Kxg7 14. b4 b6 15. Qd4+ Kg8 16. Be2 a5 17. a3 Qc7 18. Rac1 Rfc8 19. Bg4 h5 20. Bxd7 Qxd7 21. b5 Bb7 22. Na4 Qe6 23. Nxb6 Rc5 24. Nxa8 Bxa8 25. Rfe1 Bb7 26. f4 Qc8 27. a4 Qc7 28. Re3 Qb6 29. Kh2 Rxb5 30. Qxb6 Rxb6 31. c5 dxc5 32. Rxc5 Rb4 33. Rb5 Rxe4 34. Rxe4 Bxe4 35. Rxa5 Kf8 36. Rb5 Ke8 37. a5 Kd8 38. a6 Kc7 39. Re5 1-0

[Event "NCA-ch"]
[Site "Managua"]
[Date "2011.03.20"]
[Round "9"]
[White "Batres, Francisco"]
[Black "Davila, Carlos"]
[Result "1/2-1/2"]
[WhiteElo "2194"]
[BlackElo "2319"]
[PlyCount "24"]
[EventDate "2011.03.05"]
[EventType "tourn"]
[EventRounds "11"]
[EventCountry "NCA"]
[SourceTitle "CBM 141 Extra"]
[Source "ChessBase"]
[SourceDate "2011.05.03"]
[SourceVersion "1"]
[SourceVersionDate "2011.05.03"]
[SourceQuality "1"]

1. d4 c6 2. e4 d5 3. Nc3 dxe4 4. Nxe4 Bf5 5. Ng3 Bg6 6. h4 h6 7. Nf3 Nd7 8. h5 Bh7 9. Bd3 Bxd3 10. Qxd3 Ngf6 11. Bf4 Qa5+ 12. Bd2 Qc7 1/2-1/2

[Event "NCA-ch"]
[Site "Managua"]
[Date "2011.03.19"]
[Round "7"]
[White "Batres, Francisco"]
[Black "Carranza Narvaez, Sergio Ivan"]
[Result "1/2-1/2"]
[WhiteElo "2194"]
[BlackElo "2069"]
[PlyCount "196"]
[EventDate "2011.03.05"]
[EventType "tourn"]
[EventRounds "11"]
[EventCountry "NCA"]
[SourceTitle "CBM 141 Extra"]
[Source "ChessBase"]
[SourceDate "2011.05.03"]
[SourceVersion "1"]
[SourceVersionDate "2011.05.03"]
[SourceQuality "1"]

1. c4 Nf6 2. Nc3 Nc6 3. d4 d5 4. cxd5 Nxd5 5. e4 Nxc3 6. bxc3 e5 7. d5 Nb8 8. Nf3 Bd6 9. Bg5 f6 10. Be3 0-0 11. Bd3 Qe7 12. Nd2 Nd7 13. 0-0 Rf7 14. Kh1 Nf8 15. Nc4 f5 16. Nxd6 cxd6 17. f3 f4 18. Bf2 g5 19. c4 Rg7 20. c5 g4 21. fxg4 Bxg4 22. Be2 Bxe2 23. Qxe2 dxc5 24. Rac1 b6 25. Rc3 Nd7 26. Rh3 Qg5 27. Bh4 Qg6 28. d6 Qxd6 29. Rd1 Qg6 30. Rhd3 Nf8 31. Rd6 Ne6 32. Qf3 Re8 33. h3 Qf7 34. Rd7 Qxd7 35. Rxd7 Rxd7 36. Qg4+ Rg7 37. Qh5 Rf7 38. Qxe5 c4 39. Be1 Ng7 40. Qd4 Nf5 41. exf5 Rxe1+ 42. Kh2 Rxf5 43. Qxc4+ Kg7 44. Qc7+ Kg6 45. Qxa7 Re6 46. Qa3 Ref6 47. Qd3 Kh6 48. Qf3 Rg5 49. a4 Kg6 50. Qe4+ Rgf5 51. Kg1 Kg5 52. Qe7 h6 53. Kf2 Rc5 54. h4+ Kf5 55. Qd7+ Re6 56. Qf7+ Ke5 57. Qg7+ Ke4 58. Qb7+ Rd5 59. Qh7+ Ke5 60. Qg7+ Ke4 61. Qb7 h5 62. Qh7+ Kd4 63. Kf3 Rf6 64. Qe7 Rdd6 65. Qe4+ Kc5 66. Qe5+ Kb4 67. Qb5+ Ka3 68. a5 bxa5 69. Qxa5+ Kb3 70. Qb5+ Kc3 71. Qe5+ Kc2 72. Qc5+ Kd2 73. Qxh5 Rd3+ 74. Kf2 Rdd6 75. Qe2+ Kc3 76. Qe5+ Kc4 77. Qe4+ Kc5 78. Qe5+ Kc6 79. Qe4+ Kd7 80. Qh7+ Ke6 81. Kf3 Rd7 82. Qg8+ Ke7 83. Qg7+ Ke6 84. Qg4+ Ke7 85. Qg5 Rd3+ 86. Kf2 Rd2+ 87. Kf1 Rd1+ 88. Ke2 Rdd6 89. h5 Kf7 90. Qa5 Kg7 91. Qg5+ Kf7 92. Kf2 Rde6 93. Kg1 Re1+ 94. Kh2 Ree6 95. Kg1 Re1+ 96. Kf2 Ree6 97. Kf1 Rd6 98. Kg1 Rde6 1/2-1/2